Globalizace a ekonomický růst

Nová ekonomika a hospodársky rast. Technologické zmeny a postupujúce globalizačné procesy. Riziká globalizácie. Asymetria globalizácie. Ekonomický rast. Sociálna asymetria. Ekológia. Informačná demokracia. Problémy globalizácie. Vplyvy globalizácie.

Gespeichert in:
Bibliographische Detailangaben
1. Verfasser: Jeníček, Vladimír
Format: Buchkapitel
Sprache:Tschechisch
Schlagworte:
Tags: Tag hinzufügen
Keine Tags, Fügen Sie das erste Tag hinzu!

MARC

LEADER 00000naa a2200000 4500
001 r045136
005 20231004091231.7
041 0 |a cze 
044 |a CZ 
245 1 0 |a Globalizace a ekonomický růst  |c Vladimír Jeníček 
520 |a Nová ekonomika a hospodársky rast. Technologické zmeny a postupujúce globalizačné procesy. Riziká globalizácie. Asymetria globalizácie. Ekonomický rast. Sociálna asymetria. Ekológia. Informačná demokracia. Problémy globalizácie. Vplyvy globalizácie. 
610 2 0 |a globalizácia 
610 2 0 |a globalizácia hospodárstva 
610 2 0 |a rast hospodársky 
610 2 0 |a zmeny technologické 
610 2 0 |a svet 
610 2 0 |a USA 
610 2 0 |a ekonomika nová 
610 2 0 |a prosperita ekonomická 
610 2 0 |a vývoj sociálny 
610 2 0 |a vývoj hospodársky 
610 2 0 |a spoločnosť globálna 
100 1 |a Jeníček, Vladimír